000 00756cab a2200217 4500
001 WB3343-16
008 090401t1997 xxu||||| |||| 00| 0 eng d
035 _a(Sirsi) u81951
041 _aeng
245 _aNext Steps Agency
260 _c1997
350 _a0
490 _aDoE News Release
_v(435/ENV) 5 November 1997 (2)
520 _aThe government is to create a Next Steps Agency for the Rent Officer Service. The move should ensure that a more accountable and consistent service is provided to the public.
650 _aNEXT STEPS AGENCY
650 _aRENT OFFICER SERVICE
650 _aRENT OFFICERS
690 _aPROPERTY-RESIDENTIAL PROPERTY-RESIDENTIAL LANDLORD AND TENANT-RESIDENTIAL TENANCIES
942 _n0
948 _c07/11/1997
999 _c51680
_d51680